A menina do mar (Registo nº 3274)

Detalhes MARC
000 -Etiqueta do registo
Cabeçalho 00790nam a22002651 4500
005 - Identificador da versão
Campo de controlo 20240813121957.0
010 ## - Número internacional normalizado dos livros (ISBN)
Número (ISBN) 9726610788
100 ## - Dados gerais de processamento
Dados gerais de processamento 19990924d1998 cd y0pory5003 ba
102 ## - Pais de publicação ou produção
País de publicação Portugal
101 0# - Língua de publicação
Língua do texto, banda sonora, etc. Português
106 ## - Campo de dados codificados: material textual
Dados codificados do material textual r
105 ## - Campo de dados codificados: livros
Dados codificados dos livros y z 000fy
215 ## - Descrição física 
Indicação específica da natureza do documento e extensão da espécie 46, [1] p.
Outras indicações físicas il.
Dimensões 17 cm
200 1# - Titulo e menção de responsabilidade
Título próprio A menina do mar
Primeira menção de responsabilidade Sophia de Mello Breyner Andresen
Outras menções de responsabilidade il. Luís Noronha da Costa
205 ## - Menção da edição
Menção da edição 37ª ed
210 ## - Publicação, Distribuição, etc. 
Lugar da edição, distribuição, etc. Porto
Nome do editor, distribuidor, etc. Figueirinhas
Data da publicação, distribuição, etc. imp. 1998
606 ## - Nome comum usado como assunto
Número de registo de entrada de autoridade 0000364
Palavra de ordem Literatura portuguesa infanto-juvenil
Subdivisão de assunto Conto
675 ## - Classificação Decimal Universal (CDU)
Notação 821.134.3-34
Edição
Língua da edição por
702 #1 - Nome de autor-pessoa física (responsabilidade secundária)
Número de registo de entrada de autoridade 0000988
Palavra de ordem Costa
Outra parte do nome não tomada para palavra de ordem Luís Noronha da
Código de função Ilustrador / Técnico de desenho computorizado
700 #1 - Nome de autor-pessoa física (responsabilidade principal)
Número de registo de entrada de autoridade 0000987
Palavra de ordem Andresen
Outra parte do nome não tomada para palavra de ordem Sofia de Melo Breyner
Datas 1919-2004
942 ## - Elementos de entrada adicionados (Koha)
Tipo de item no Koha Livro
Exemplares
Situação do levantamento Origin of item (home branch) (coded) Biblioteca de empréstimo Código de barras Cota Circulation type (not for loan) Tipo de documento Nota do exemplar Damaged status
  Biblioteca Escolar da Coca Maravilhas Biblioteca Escolar da Coca Maravilhas BECM4565/99 8POR AND   Livro Sem mensagem